General and Inorganic chemistry (part one) / (Record no. 13429)
[ view plain ]
| 000 -LEADER | |
|---|---|
| fixed length control field | 00470cam a2200181ua 4500 |
| 041 ## - LANGUAGE CODE | |
| Language code of text/sound track or separate title | eng |
| 082 ## - DEWEY DECIMAL CLASSIFICATION NUMBER | |
| Classification number | 546 |
| Item number | SAR/GE |
| 100 ## - MAIN ENTRY--AUTHOR NAME | |
| Personal name | Sarkar, R . |
| 245 ## - TITLE STATEMENT | |
| Title | General and Inorganic chemistry (part one) / |
| 260 ## - PUBLICATION, DISTRIBUTION, ETC. (IMPRINT) | |
| Place of publication | Kolkata : |
| Name of publisher | New Central Book Agency(P) Ltd. , |
| Year of publication | 2007. |
| 300 ## - PHYSICAL DESCRIPTION | |
| Number of Pages | ; . |
| 700 1# - ADDED ENTRY--PERSONAL NAME | |
| Personal name | Saha, Nityananda . |
| 942 ## - ADDED ENTRY ELEMENTS (KOHA) | |
| Koha item type | Books |
| Withdrawn status | Lost status | Damaged status | Home library | Current library | Date acquired | Full call number | Accession Number | Koha item type |
|---|---|---|---|---|---|---|---|---|
| KAUAET | KAUAET | 07/04/2012 | 546 SAR/GE | 21982 | Books |
